Roma child in the information society

Bibliographic Details
Main Authors: Miňová, Monika, 1969- (Author), Muchacki, Mateusz (Author), Portik, Milan, 1950- (Author)
Other Authors: Filičková, Marta (Translator)
Format: Book
Language:English
Slovak
PhysicalDescription:239 strán ilustrácie, mapy, schéma 19 cm
Published: Kraków Petrus 2016
ISBN:9788377203156
Subjects:

MARC

LEADER 00000nam a2200000 a 4500
001 vtls011711951
003 SK-MaSNL
005 20260427142630.0
008 180105s2016 pl abl f n 000 0 eng
015 |a SNBZSA2026/04 
020 |a 9788377203156  |q (brožované) 
040 |a SNK  |b slo  |c SNK  |e rda 
041 1 |a eng  |h slo 
043 |a e-xo---  |a e-pl--- 
044 |a pl  |c PL 
072 7 |a 376  |x Výchova a vzdelávanie zvláštnych skupín osôb  |2 konspekt 
080 |a (=214.58)-053.2  |2 2011 
080 |a (=214.58)  |2 2011 
080 |a 376  |2 2011 
080 |a 316.42:004  |2 2011 
080 |a (437.6)  |2 2011 
080 |a (438)  |2 2011 
080 |a (048.8:082)  |2 2011 
100 1 |a Miňová, Monika,  |d 1969-  |4 aut  |9 12926 
245 1 0 |a Roma child in the information society  |c Monika Miňová, Mateusz Muchacki, Milan Portik ; english translation Marta Filičková 
264 1 |a Kraków  |b Petrus  |c 2016 
300 |a 239 strán  |b ilustrácie, mapy, schéma  |c 19 cm 
500 |a Pravdepodobne preložené zo slovenčiny 
500 |a Obsahuje terminologický slovník 
504 |a Obsahuje bibliografiu na strane 199-222 
650 0 7 |a rómske deti  |2 SNKPH  |9 31049 
650 0 7 |a Rómovia  |2 SNKPH  |9 1702 
650 0 7 |a výchova a vzdelávanie  |2 SNKPH  |9 1684 
650 0 7 |a informačná spoločnosť  |2 SNKPH  |9 1237 
650 0 7 |a Romani children  |2 SNKPHeng  |9 333688 
650 0 7 |a Romanies  |2 SNKPHeng  |9 302857 
650 0 7 |a Education  |2 SNKPHeng  |9 265320 
650 0 7 |a Information society  |2 SNKPHeng  |9 274642 
651 7 |a Slovensko  |2 SNKPH  |9 14231 
651 7 |a Poľsko  |2 SNKPH  |9 16755 
651 7 |a Slovakia  |2 SNKPHeng  |9 92630 
651 7 |a Poland  |2 SNKPHeng  |9 265193 
655 7 |a kolektívne monografie  |2 SNKPH  |9 249850 
655 7 |a Collective monographs  |2 SNKPHeng  |9 125747 
700 1 |a Muchacki, Mateusz  |4 aut  |9 662901 
700 1 |a Portik, Milan,  |d 1950-  |4 aut  |9 134187 
700 1 |a Filičková, Marta  |4 trl  |9 605636 
852 |a Slovenská národná knižnica 
919 |a 978-83-7720-315-6 
954 |a odborná, vedecká literatúra cudzojazyčná (svetová)  |2 lita 
954 |a odborná, vedecká literatúra pôvodná (slovenská)  |2 lita 
958 |a ZS 
958 |a NB 
958 |a OP 
958 |a RQ 
958 |a NM 
958 |a PL 
968 |b SLO 
999 |c 1024316  |d 1026246 
952 |a SNK  |b SNK  |c SNK_KF  |y PREZ  |7 8  |p 17A1578134  |o snkSD 94073  |i snk2026/1162  |8 2  |g 6.10  |0 0  |1 0  |4 0  |d 2025-10-07  |l 0  |r 2026-02-24 13:34:31  |w 2026-02-24